Southville International School and Colleges
Your cart is empty.
  • Cart
  • Lists
    Public lists Eva Luna New books Lux_list list_1
    Your lists Log in to create your own lists
  • Log in to your account
  • Your cookies
  • Search history
Southville International School and Colleges
  • Advanced search
  • Recent comments
  • Most popular
  • Libraries

Log in to your account

Log in with GOOGLE


If you do not have an external account, but do have a local account, you can still log in:

  1. Home
  2. MARC view: Gagamba sa uhay :
Normal view MARC view ISBD view

Gagamba sa uhay : (Record no. 293599)

[ view plain ]
MARC details
000 -LEADER
fixed length control field 00694nam a2200253Ia 4500
008 - FIXED-LENGTH DATA ELEMENTS--GENERAL INFORMATION
fixed length control field 160418s9999 xx 000 0 und d
020 ## - INTERNATIONAL STANDARD BOOK NUMBER
International Standard Book Number 971-584-496-0
050 ## - LIBRARY OF CONGRESS CALL NUMBER
Classification number FIL PL 5548.4
050 ## - LIBRARY OF CONGRESS CALL NUMBER
Item number .M36 2006
100 ## - MAIN ENTRY--PERSONAL NAME
Personal name Mangahas, Rogelio G.
245 ## - TITLE STATEMENT
Title Gagamba sa uhay :
245 ## - TITLE STATEMENT
Remainder of title kalipunan ng mga haiku /
245 ## - TITLE STATEMENT
Statement of responsibility, etc Rogelio G. Mangahas.
260 ## - PUBLICATION, DISTRIBUTION, ETC. (IMPRINT)
Place of publication, distribution, etc Quezon City:
260 ## - PUBLICATION, DISTRIBUTION, ETC. (IMPRINT)
Name of publisher, distributor, etc C & E Pub. Inc.,
260 ## - PUBLICATION, DISTRIBUTION, ETC. (IMPRINT)
Date of publication, distribution, etc 2006
300 ## - PHYSICAL DESCRIPTION
Extent 183 pages :
300 ## - PHYSICAL DESCRIPTION
Other physical details illustrations ;
300 ## - PHYSICAL DESCRIPTION
Dimensions 19 cm.
500 ## - GENERAL NOTE
General note Includes bibliographical references.
650 ## - SUBJECT ADDED ENTRY--TOPICAL TERM
Topical term or geographic name as entry element Filipino poetry.
650 ## - SUBJECT ADDED ENTRY--TOPICAL TERM
Topical term or geographic name as entry element Haiku, Filipino -- Translations into English.
650 ## - SUBJECT ADDED ENTRY--TOPICAL TERM
General subdivision Haiku, Filipino.
Holdings
Withdrawn status Lost status Damaged status Home library Current library Shelving location Date acquired Cost, normal purchase price Total Checkouts Full call number Barcode Date last seen Price effective from Koha item type
      South Mansfield College South Mansfield College Filipiniana Section 01/29/2007 250.00   FIL PL 5548.4 .M36 2006 SMC03460 04/18/2016 04/18/2016  

Gagamba sa uhay :

APA

Mangahas R. G., .Gagamba sa uhay. Quezon City: .

Chicago

Mangahas Rogelio G, .Gagamba sa uhay. Quezon City: .

Harvard

Mangahas R. G., .Gagamba sa uhay. Quezon City: .

MLA

Mangahas Rogelio G, .Quezon City: . .

  • Place hold
  • Print
  • Cite
  • Add to your cart (remove)
  • Save record
    BIBTEX Dublin Core MARCXML MARC (non-Unicode/MARC-8) MARC (Unicode/UTF-8) MARC (Unicode/UTF-8, Standard) MODS (XML) RIS
  • More searches
    Search for this title in:
    Other Libraries (WorldCat) Other Databases (Google Scholar) Online Stores (Bookfinder.com) Open Library (openlibrary.org)

Exporting to Dublin Core...

SOUTHVILLE LIBRARY

Southville International School and Colleges Library

1281 Tropical Ave. Cor. Luxembourg St., BF Homes International, Las Pinas City

Tel. No. 8256374 / 252358 Loc. 117/146

Powered by Koha